Statistics for Basic Liverpool Quiz

Click here to take the quiz!

General Stats

  • This quiz has been taken 23 times
    (8 since last reset)
  • The average score is 10 of 12

Answer Stats

QuestionsAnswer% Correct
How many PREMIER LEAGUE'S have Liverpool won1
100%
In which year was Liverpool founded1892
100%
How many Europa League have Liverpool won3
100%
How many Champions League's have Liverpool won6
100%
What is the name to the Liverpool stadiumAnfield
100%
Who is the biggest rival to LiverpoolEverton
100%
Who is the all-time topscorerIan Rush
100%
What is the nickname for LiverpoolThe Reds
100%
is the name to the famous Liverpool songYou'll Never Walk Alone
100%
Who have played most gamesIan Callaghan
71%
Who have played most games as a managerBill Shankly
43%
Who founded Liverpool FCJohn Houlding
29%

Score Distribution

Percentile by Number Answered

Percent of People with Each Score

Your Score History

You have not taken this quiz since the last reset